Cost and materials management in the food service industry / (Record no. 363001)
[ view plain ]
| 000 -LEADER | |
|---|---|
| fixed length control field | 00456nam a2200121Ia 4500 |
| 008 - FIXED-LENGTH DATA ELEMENTS--GENERAL INFORMATION | |
| fixed length control field | 200226s9999 xx 000 0 und d |
| 020 ## - INTERNATIONAL STANDARD BOOK NUMBER | |
| International Standard Book Number | 978-971-94195-5-6 |
| 100 ## - MAIN ENTRY--PERSONAL NAME | |
| Personal name | Roldan, Amelia S. |
| 245 ## - TITLE STATEMENT | |
| Statement of responsibility, etc | Amelia Roldan.-- |
| Title | Cost and materials management in the food service industry / |
| 260 ## - PUBLICATION, DISTRIBUTION, ETC. (IMPRINT) | |
| Place of publication, distribution, etc | Philippines : |
| Name of publisher, distributor, etc | AR Skills Development and Management Services, Inc. |
| Date of publication, distribution, etc | 2016 |
| 300 ## - PHYSICAL DESCRIPTION | |
| Extent | 197 pages : |
| Other physical details | illustrations ; |
| Dimensions | 26 cm. |
| 650 ## - SUBJECT ADDED ENTRY--TOPICAL TERM | |
| Topical term or geographic name as entry element | Food service management. |
| Withdrawn status | Lost status | Damaged status | Home library | Current library | Shelving location | Date acquired | Source of acquisition | Total Checkouts | Full call number | Barcode | Date last seen | Price effective from | Koha item type |
|---|---|---|---|---|---|---|---|---|---|---|---|---|---|
| College Library | College Library | Filipiniana Section | 02/26/2020 | Library Fund | HF 5686.C8 .R744 2016 | C22100 | 06/19/2020 | 02/26/2020 | Books |